| 000 | 01422nam a2200385 i 4500 | ||
|---|---|---|---|
| 001 | DIGRILEDIT1284 | ||
| 003 | NyNyDIG | ||
| 007 | cr ||||||||||| | ||
| 008 | 230401s2022 cl ob 000 0 spa d | ||
| 006 | m o d | ||
| 035 | _a(OCoLC)1377521484 | ||
| 040 |
_aDGITA _beng _erda _epn _cDGITA |
||
| 020 | _z9788418982880 | ||
| 043 | _as-cl--- | ||
| 050 | 1 | 4 | _aF3031.5 ebook |
| 100 | 1 |
_aMartinić, Ivan, _eauthor. |
|
| 245 | 1 | 0 |
_aPatagonia vigilada : _bChile en la guerra de las Malvinas / Falklands / _cIván Martinic. |
| 264 | 1 |
_aSantiago de Chile : _bRiL editores, _c[2022] |
|
| 300 | _a1 online resource. | ||
| 336 |
_atext _btxt _2rdacontent |
||
| 337 |
_acomputer _bc _2rdamedia |
||
| 338 |
_aonline resource _bcr _2rdacarrier |
||
| 347 |
_atext file _2rdaft |
||
| 347 | _bPDF | ||
| 504 | _aIncludes bibliographical references. | ||
| 588 | 0 | _aOnline resource; title from PDF title page (Digitalia, viewed April 1, 2023) | |
| 650 | 0 | _aFalkland Islands War, 1982. | |
| 651 | 0 |
_aChile _xForeign relations. |
|
| 791 | 2 |
_aDigitalia (Firm), _edistributor. |
|
| 793 | 0 |
_gDigitalia eBook Collection: _aRil Editores |
|
| 776 | 0 | 8 |
_iPrint version: _aMartinić, Ivan. _tPatagonia vigilada. _bPrimera edición. _dSantiago de Chile : RiL editores, [2022] _z9788418982880 |
| 856 | 4 | 0 |
_3Digitalia Hispánica _uhttps://www.digitaliapublishing.com/a/117189/ |
| 910 | _aPremium collection: 2023 | ||
| 942 | _cRAA | ||
| 999 |
_c275251 _d275251 |
||